000 00614nam a2200229Ia 4500
003 OSt
005 20220924152345.0
006 a|||||r|||| 00| 0
007 ta
008 220923b |||||||| |||| 00| 0 mar d
024 _a342215
037 _cTextual
040 _aARTS
_cARTS
_bmar
041 _2mar
_amar
082 _aP155om152, 155L1
100 _aChauhan Devising Vyankatsing
_9226494
245 0 _aMarathi aani dakhini hindi
260 _c1971
650 _aLINGUISTICS
942 _hP155om152, 155L1
_cTEXL
_2CC
999 _c469602
_d469602